000 00225nam a2200097Ia 4500
008 230907s9999||||xx |||||||||||||| ||und||
082 _a307.76
_bSMA
245 0 _aSmart cities :
300 _axxxviii, 869 pages ;
942 _cBK
999 _c598128
_d598128